Cognitive-behavior modification (Record no. 171906)

MARC details
000 -LEADER
campo de control de longitud fija 00587nam a22001815i 4500
001 - NÚMERO DE CONTROL
campo de control 171906
003 - IDENTIFICADOR DE NÚMERO DE CONTROL
campo de control ES-MaACL
005 - FECHA Y HORA DE LA ÚLTIMA TRANSACCIÓN
campo de control 20230906214749.0
008 - DATOS DE LONGITUD FIJA--INFORMACIÓN GENERAL
campo de control de longitud fija 090608s1979 xxu |||| | eng d
100 1# - ENTRADA PRINCIPAL--NOMBRE DE PERSONA
Nombre de persona Meichenbaum, Donald.
9 (RLIN) 79823
245 10 - MENCIÓN DEL TÍTULO
Título Cognitive-behavior modification
Resto del título : an integrative approach /
Mención de responsabilidad, etc. by Donald Meichenbaum.
260 ## - PUBLICACIÓN, DISTRIBUCIÓN, ETC.
Lugar de publicación, distribución, etc. New York :
Nombre del editor, distribuidor, etc. Plenum Press,
Fecha de publicación, distribución, etc. [1979]
300 ## - DESCRIPCIÓN FÍSICA
Extensión 305 p. ;
Dimensiones 24 cm.
490 1# - MENCIÓN DE SERIE
Mención de serie Plenum behavior therapy series
830 0# - PUNTO DE ACCESO ADICIONAL DE SERIE-TÍTULO UNIFORME
Título uniforme Plenum behavior therapy series
9 (RLIN) 223231
852 ## - LOCALIZACIÓN
Ubicación ES-MaACL
Número de control de estantería L-7290
itemnumber R.107956
Holdings
Estatus retirado Estado de pérdida Estado de daño No para préstamo Biblioteca de origen Biblioteca actual Ubicación en estantería Fecha de adquisición Fuente de adquisición Total de préstamos Signatura topográfica completa Código de barras Visto por última vez Precio de reemplazo Tipo de ítem Koha
        Biblioteca del Ateneo de Madrid Biblioteca del Ateneo de Madrid Depósito 2 08/06/2009     L-7290 1180410 23/02/2023 23/02/2023 Libro impreso